|
|
|
|
| LEADER |
00000nam a22000007a 4500 |
| 005 |
20181222160356.0 |
| 007 |
cr|||| |||| |
| 008 |
181222s2018 es |||||s|||| 00||0 spa d |
| 020 |
|
|
|a 978-84-9148-847-7
|
| 035 |
|
|
|a 22611
|
| 040 |
|
|
|a vLex
|
| 090 |
|
|
|c 8370
|d 8370
|
| 100 |
1 |
|
|a Carrizo Aguado, David
|
| 245 |
1 |
|
|a Rǧimen jurd̕ico de las operaciones internacionales de consumo en los servicios turs̕ticos digitales
|h [Recurso electrn̤ico] /
|c David Carrizo Aguado
|
| 256 |
|
|
|a Servicio en ln̕ea
|
| 260 |
|
|
|a Madrid:
|b Dykinson,
|c 2018
|
| 300 |
|
|
|a 1 recurso electrn̤ico
|
| 500 |
|
|
|a La globalizacin̤ en la que estamos inmersos ha conllevado a que la distribucin̤ digital en la esfera turs̕tica, constituya un fenm̤eno de imparable evolucin̤ y con ello la incorporacin̤ de nuevas fr̤mulas de contratacin̤ facilitando as,̕ la actividad transfronteriza entre los diversos operadores jurd̕icos. El turista-consumidor, que acta︢ a travš de la Red, ve su condicin̤ de debilidad aumentada por las caracters̕ticas del medio virtual, puesto que asume fc̀ilmente el riesgo de adentrarse en un ordenamiento jurd̕ico extranjero que no conoce. Desde el m̀bito ius internacional privatista se pretende ofrecer sendas respuestas encaminadas a eliminar los problemas a los que se enfrenta tal “colectivo”, teniendo en cuenta que la coexistencia de una pluralidad de normas, tanto internas como internacionales, no deben suponer indefensin̤ para el turista necesitado de tutela. Generalmente, en la contratacin̤ va̕ Internet, cada parte contratante est ̀situada en pas̕es diferentes necesitǹdose por tanto, determinar qu ̌pas̕ atrae para s ̕la competencia judicial internacional as ̕como el derecho aplicable a tal situacin̤ transfronteriza. En la UE estǹ vigentes normas estrictas de proteccin̤ hacia los consumidores, sin embargo, en la prc̀tica se han puesto de manifiesto dificultades para obtener un determinado resarcimiento cuando se produce una violacin̤ de sus derechos, especialmente a nivel internacional. De este modo, el turista-consumidor puede ser concebido como el nc︢leo central de un entramado de relaciones jurd̕icas en el campo del Derecho contractual, pues en muchas de las ocasiones se ver ̀abrazado por ml︢tiples incumplimientos llevados a cabo por empresas multinacionales. Esta complejidad se acrecienta si tenemos en cuenta que el turista es consumidor, cuyas normas esencialmente tuitivas, de alguna manera distorsionan el rǧimen general con el objeto de brindarle una debida proteccin̤; en este sentido, la autonoma̕ de la voluntad y la capacidad de las partes pierden gran parte de su significado original.
|
| 506 |
1 |
|
|a Disponible solo en los productos indicados
|d vLex Global
|d vLex Global (Academic Edition, excluding Law Schools)
|d vLex Global (U.S. Academic Edition, Law Schools)
|d vLex Global (U.S. Academic Edition, excluding Law Schools)
|d vLex Global (Academic Edition, Law Schools)
|
| 650 |
0 |
4 |
|a Derecho Civil
|z Espaą
|
| 650 |
0 |
4 |
|a Derecho Mercantil y de la Empresa
|z Espaą
|
| 650 |
0 |
4 |
|a Derecho Internacional
|z Espaą
|
| 650 |
0 |
4 |
|a Ciencias sociales
|z Espaą
|
| 740 |
0 |
|
|a vLex Libros (Servicio en ln̕ea)
|
| 856 |
4 |
0 |
|u http://vlex.com/source/regimen-juridico-de-las-operaciones-internacionales-de-consumo-en-los-servicios-turisticos-digitales-22611
|z Acceso restringido
|
| 942 |
|
|
|c BOOK
|
| 999 |
0 |
|
|a Civil Law
|
| 999 |
0 |
|
|a Business and Company Law
|
| 999 |
0 |
|
|b International Law
|
| 999 |
0 |
|
|b Social Sciences
|